[Event "38th Capablanca Memorial"]
[Site "Havana CUB"]
[Date "2003.05.06"]
[Round "1"]
[White "Morovic Fernandez, Ivan"]
[Black "Zapata Ramirez, Alonso"]
[Result "1-0"]
[WhiteElo "2551"]
[BlackElo "2543"]
[EventDate "2003.05.06"]
[PlyCount "101"]

1.d4 Nf6 2.c4 g6 3.Nc3 Bg7 4.e4 d6 5.Nf3 O-O 6.Be2 Na6 7.O-O e5 8.Be3 Ng4 
9.Bg5 f6 10.Bh4 c6 11.Rb1 g5 12.Bg3 f5 13.exf5 Bxf5 14.Rc1 e4 15.Ne1 Nh6 
16.Nc2 Bg6 17.Bh5 Qe8 18.Bxg6 Qxg6 19.Qd2 Rae8 20.Rce1 Nb8 21.Re2 Nd7 22.
Rfe1 Nb6 23.Nxe4 Nxc4 24.Qd3 Nxb2 25.Nf6+ Bxf6 26.Qxg6+ hxg6 27.Rxe8 Nc4 
28.Rxf8+ Kxf8 29.Rb1 b6 30.Nb4 c5 31.dxc5 dxc5 32.Nc6 Ke8 33.Nxa7 Kd7 34.
Rd1+ Bd4 35.Nb5 Nf5 36.Nxd4 Nxd4 37.f3 Kc6 38.Bf2 Ne6 39.h4 gxh4 40.Bxh4 
b5 41.Bf6 b4 42.Kf2 Nb6 43.Rh1 c4 44.Rh6 c3 45.Rxg6 Kd5 46.Bg5 Nc4 47.Bh6 
Nb2 48.Rg8 Nd4 49.Rd8+ Kc4 50.g4 c2 51.Rxd4+ 1-0

[Event "38th Capablanca Memorial"]
[Site "Havana CUB"]
[Date "2003.05.07"]
[Round "2"]
[White "Gonzalez Menendez, Ivan"]
[Black "Morovic Fernandez, Ivan"]
[Result "1/2-1/2"]
[WhiteElo "2473"]
[BlackElo "2551"]
[EventDate "2003.05.06"]
[PlyCount "122"]

1.e4 e5 2.Nf3 Nf6 3.Nxe5 d6 4.Nf3 Nxe4 5.d4 d5 6.Bd3 Be7 7.O-O Nc6 8.c4 
Nb4 9.Be2 O-O 10.Nc3 Bf5 11.a3 Nxc3 12.bxc3 Nc6 13.Re1 Re8 14.Bf4 dxc4 15.
Bxc4 Bd6 16.Rxe8+ Qxe8 17.Ng5 Bg6 18.Bxd6 cxd6 19.h4 Qe7 20.Qg4 h6 21.Nh3 
Qe4 22.Nf4 Ne5 23.dxe5 Qxc4 24.Qg3 dxe5 25.Nxg6 fxg6 26.Qxe5 Rf8 27.Qg3 
Qf4 28.Qxf4 Rxf4 29.a4 Rxh4 30.Rb1 b6 31.a5 bxa5 32.Rb7 Re4 33.Rxa7 Re1+ 
34.Kh2 Re5 35.f3 g5 36.Kg3 Rf5 37.Kh3 Kh7 38.Ra6 h5 39.Kg3 Rc5 40.Kh2 g6 
41.Ra7+ Kh6 42.Kg1 g4 43.fxg4 h4 44.Kh2 Kg5 45.Ra6 Rxc3 46.Rxa5+ Kxg4 47.
Ra4+ Kh5 48.Ra2 g5 49.Rb2 Re3 50.Ra2 g4 51.Ra5+ Kg6 52.Ra8 Re5 53.Rg8+ Kf5
54.Rh8 Kg5 55.Rg8+ Kf4 56.Rh8 Ra5 57.Rf8+ Rf5 58.Rh8 Re5 59.Rf8+ Rf5 60.
Rh8 Kg5 61.Rg8+ Kf4 1/2-1/2

[Event "38th Capablanca Memorial"]
[Site "Havana CUB"]
[Date "2003.05.07"]
[Round "2"]
[White "Leitao, Rafael"]
[Black "Arencibia Rodriguez, Walter"]
[Result "1/2-1/2"]
[WhiteElo "2533"]
[BlackElo "2520"]
[EventDate "2003.05.06"]
[PlyCount "74"]

1.e4 e6 2.d4 d5 3.Nc3 Bb4 4.e5 c5 5.a3 Bxc3+ 6.bxc3 Ne7 7.Nf3 b6 8.Bb5+ 
Bd7 9.Bd3 c4 10.Be2 Ba4 11.h4 h6 12.h5 Kd7 13.O-O Qg8 14.g3 Na6 15.Nh4 Rf8
16.Bg4 Qh7 17.Ra2 Nc7 18.Bh3 Kc8 19.Ng2 Kb7 20.Ne3 f6 21.exf6 gxf6 22.Qf3 
Nc6 23.Re1 Qf7 24.Ng2 e5 25.Nh4 Re8 26.Nf5 Qf8 27.Bd2 Kb8 28.Qg4 Ne6 29.
Qg6 Ng5 30.Bg2 e4 31.Bf4+ Ka8 32.Bd6 Qf7 33.Qxf7 Nxf7 34.Bf4 Ne7 35.Ne3 
Ng5 36.Ng4 Ng8 37.Ne3 Ne7 1/2-1/2

[Event "38th Capablanca Memorial"]
[Site "Havana CUB"]
[Date "2003.05.08"]
[Round "3"]
[White "Ikonnikov, Viacheslav"]
[Black "Leitao, Rafael"]
[Result "1/2-1/2"]
[WhiteElo "2546"]
[BlackElo "2533"]
[EventDate "2003.05.06"]
[PlyCount "110"]

1.d4 d5 2.c4 c6 3.Nf3 Nf6 4.Qb3 dxc4 5.Qxc4 Bf5 6.g3 e6 7.Bg2 Nbd7 8.O-O 
Be7 9.Nc3 O-O 10.Re1 Ne4 11.Bf4 Nxc3 12.bxc3 Be4 13.Qb3 Nb6 14.Ne5 Bxg2 
15.Kxg2 c5 16.e4 cxd4 17.Rad1 d3 18.Rxd3 Qc8 19.a4 Rd8 20.Rxd8+ Bxd8 21.a5
Nd7 22.Qa4 Nf6 23.Rb1 Bc7 24.a6 bxa6 25.Nc6 Kh8 26.Bxc7 Qxc7 27.Qxa6 Nxe4 
28.Rb7 Qc8 29.Nxa7 Qe8 30.Qc6 Qxc6 31.Nxc6 Nxc3 32.Rxf7 Re8 33.Ne5 Kg8 34.
Rb7 Nd5 35.Ra7 Nf6 36.h4 Rd8 37.Ra6 Re8 38.g4 Nd5 39.Kg3 h6 40.h5 Kh7 41.
f4 Nf6 42.Kh4 Nd5 43.Ng6 Kg8 44.Rd6 Ne7 45.Ne5 Nd5 46.Kg3 Nf6 47.Ra6 Kh7 
48.Kh4 Nd5 49.Ng6 Kg8 50.Rd6 Ne7 51.Kg3 Nxg6 52.hxg6 Kf8 53.Rd7 Re7 54.
Rd8+ Re8 55.Rd7 Re7 1/2-1/2

[Event "38th Capablanca Memorial"]
[Site "Havana CUB"]
[Date "2003.05.08"]
[Round "3"]
[White "Vera Gonzalez, Reynaldo"]
[Black "Zapata Ramirez, Alonso"]
[Result "1/2-1/2"]
[WhiteElo "2546"]
[BlackElo "2543"]
[EventDate "2003.05.06"]
[PlyCount "82"]

1.d4 Nf6 2.c4 g6 3.Nc3 Bg7 4.e4 d6 5.Nf3 O-O 6.Be2 e5 7.O-O Na6 8.Be3 Ng4 
9.Bg5 Qe8 10.dxe5 h6 11.Bd2 dxe5 12.h3 Nf6 13.Be3 Qe7 14.Nd5 Qd8 15.Nxf6+ 
Qxf6 16.c5 Nb8 17.b4 Nc6 18.b5 Nd4 19.Bxd4 exd4 20.Rc1 Rd8 21.Bc4 Be6 22.
Qd3 a6 23.a4 axb5 24.axb5 Qe7 25.Rfd1 Ra4 26.e5 Rb4 27.Bxe6 Qxe6 28.Qa3 
Rb3 29.Qa7 Rxf3 30.gxf3 Bxe5 31.Kg2 Qd5 32.Rd3 Bf4 33.Rcd1 Qg5+ 34.Kf1 Qh5
35.Rxd4 Qxh3+ 36.Ke2 Re8+ 37.Re4 Rxe4+ 38.fxe4 Qg4+ 39.Ke1 Qg1+ 40.Ke2 
Qg4+ 41.Ke1 Qg1+ 1/2-1/2

[Event "38th Capablanca Memorial"]
[Site "Havana CUB"]
[Date "2003.05.09"]
[Round "4"]
[White "Arencibia Rodriguez, Walter"]
[Black "Ikonnikov, Viacheslav"]
[Result "1/2-1/2"]
[WhiteElo "2520"]
[BlackElo "2546"]
[EventDate "2003.05.06"]
[PlyCount "51"]

1.d4 d5 2.c4 c6 3.Nc3 Nf6 4.e3 a6 5.Bd3 Bg4 6.Qb3 Ra7 7.Nf3 Bxf3 8.gxf3 e6
9.cxd5 cxd5 10.Bd2 Nc6 11.Rc1 Be7 12.Na4 Nd7 13.a3 O-O 14.Qc2 g6 15.f4 Ra8
16.b4 Rc8 17.Qb1 Rc7 18.Nc5 Nxc5 19.bxc5 Bh4 20.Rg1 f5 21.Rc2 Rg7 22.Rb2 
Qc8 23.Qd1 Kh8 24.Kf1 Rfg8 25.Be1 Qd7 26.Rg2 1/2-1/2

[Event "38th Capablanca Memorial"]
[Site "Havana CUB"]
[Date "2003.05.09"]
[Round "4"]
[White "Gonzalez Menendez, Ivan"]
[Black "Vera Gonzalez, Reynaldo"]
[Result "1/2-1/2"]
[WhiteElo "2473"]
[BlackElo "2546"]
[EventDate "2003.05.06"]
[PlyCount "67"]

1.e4 c5 2.Nf3 d6 3.d4 cxd4 4.Nxd4 Nf6 5.Nc3 a6 6.Be2 e6 7.Be3 Nc6 8.Qd2 
Bd7 9.f4 b5 10.a3 Rc8 11.O-O Be7 12.Rad1 O-O 13.g4 Nxd4 14.Qxd4 Bc6 15.Bf3
Nd7 16.Qd3 Re8 17.e5 Bxf3 18.Rxf3 d5 19.Rh3 g6 20.Bd4 Rc4 21.Kh1 Qc7 22.b3
Rc6 23.b4 Rc4 24.Qe3 Bf8 25.Rd3 Bg7 26.g5 Rc8 27.Qf2 Qb7 28.Qh4 Nf8 29.Qf2
Qa8 30.Rd2 Qc6 31.Kg1 Nd7 32.Qh4 Nf8 33.Qf2 Nd7 34.Qh4 1/2-1/2

[Event "38th Capablanca Memorial"]
[Site "Havana CUB"]
[Date "2003.05.09"]
[Round "4"]
[White "Nogueiras Santiago, Jesus"]
[Black "Morovic Fernandez, Ivan"]
[Result "1/2-1/2"]
[WhiteElo "2532"]
[BlackElo "2551"]
[EventDate "2003.05.06"]
[PlyCount "43"]

1.Nf3 Nf6 2.c4 g6 3.Nc3 Bg7 4.e4 d6 5.d4 O-O 6.Be3 Bg4 7.Be2 Nfd7 8.Ng1 
Bxe2 9.Ngxe2 c5 10.f3 Nc6 11.Qd2 e5 12.dxc5 dxc5 13.Nd5 Nd4 14.Nec3 Nb6 
15.b3 Nxd5 16.Nxd5 f5 17.O-O fxe4 18.Bg5 Qd7 19.fxe4 b6 20.h3 Rae8 21.Rad1
Kh8 22.Rxf8+ 1/2-1/2

[Event "38th Capablanca Memorial"]
[Site "Havana CUB"]
[Date "2003.05.10"]
[Round "5"]
[White "Morovic Fernandez, Ivan"]
[Black "Leitao, Rafael"]
[Result "1/2-1/2"]
[WhiteElo "2551"]
[BlackElo "2533"]
[EventDate "2003.05.06"]
[PlyCount "85"]

1.e4 c5 2.Nf3 Nc6 3.d4 cxd4 4.Nxd4 Nf6 5.Nc3 e5 6.Ndb5 d6 7.Bg5 a6 8.Na3 
b5 9.Bxf6 gxf6 10.Nd5 Bg7 11.Bd3 Ne7 12.Nxe7 Qxe7 13.O-O O-O 14.c4 f5 15.
Qf3 bxc4 16.Nxc4 d5 17.exd5 e4 18.Qe3 Bb7 19.d6 Qf6 20.Bc2 f4 21.Qh3 Rac8 
22.b3 Qg5 23.d7 Rc6 24.Bxe4 Rh6 25.Qf5 Qh4 26.h3 Rh5 27.Qg4 Bxe4 28.Qxh4 
Rxh4 29.Nd6 Bc6 30.Nf5 Bxa1 31.Rxa1 Rxh3 32.Ne7+ Kg7 33.Nxc6 Rd3 34.d8=Q 
Rfxd8 35.Nxd8 Rxd8 36.Rc1 Rd2 37.a4 Rb2 38.Rc6 Rxb3 39.f3 a5 40.Rc5 Rb1+ 
41.Kh2 Ra1 42.Rxa5 Kg6 43.Ra8 1/2-1/2

[Event "38th Capablanca Memorial"]
[Site "Havana CUB"]
[Date "2003.05.10"]
[Round "5"]
[White "Zapata Ramirez, Alonso"]
[Black "Gonzalez Menendez, Ivan"]
[Result "1-0"]
[WhiteElo "2543"]
[BlackElo "2473"]
[EventDate "2003.05.06"]
[PlyCount "89"]

1.e4 c6 2.d4 d5 3.Nc3 dxe4 4.Nxe4 Bf5 5.Nc5 b6 6.Nb3 e6 7.Nf3 Nf6 8.Bd3 
Bxd3 9.Qxd3 Qc7 10.O-O Nbd7 11.c4 Be7 12.Re1 O-O 13.Bg5 Rfe8 14.Rad1 c5 
15.Qc2 Rac8 16.dxc5 Nxc5 17.Nbd4 Ncd7 18.b3 a6 19.Qe2 Bb4 20.Bd2 Bf8 21.
Bc1 Qb7 22.a3 h6 23.Bb2 e5 24.Nf5 e4 25.Nd2 b5 26.b4 g6 27.Ne3 Bg7 28.Nb3 
Ne5 29.Bxe5 Rxe5 30.c5 Rce8 31.Rd6 R5e6 32.Red1 Qc7 33.Rxe6 Rxe6 34.a4 
bxa4 35.Nd4 Re8 36.Qxa6 Rd8 37.Qxa4 Ng4 38.Nxg4 Bxd4 39.Ne3 Bxe3 40.fxe3 
Rd3 41.Rxd3 exd3 42.Qa8+ Kh7 43.Qd5 Qa7 44.Qxd3 Qa1+ 45.Qf1 1-0

[Event "38th Capablanca Memorial"]
[Site "Havana CUB"]
[Date "2003.05.13"]
[Round "7"]
[White "Morovic Fernandez, Ivan"]
[Black "Ikonnikov, Viacheslav"]
[Result "1/2-1/2"]
[WhiteElo "2551"]
[BlackElo "2546"]
[EventDate "2003.05.06"]
[PlyCount "140"]

1.d4 Nf6 2.c4 e6 3.Nc3 Bb4 4.Qc2 O-O 5.a3 Bxc3+ 6.Qxc3 b6 7.Bg5 Bb7 8.f3 
h6 9.Bh4 d5 10.e3 Nbd7 11.cxd5 exd5 12.Bd3 Re8 13.Ne2 c6 14.O-O Qe7 15.Bf2
c5 16.Rfe1 Rac8 17.Qd2 Nf8 18.Ng3 Qd7 19.Nf5 a6 20.h3 Re6 21.Rad1 Rce8 22.
Bb1 Bc6 23.dxc5 bxc5 24.Rc1 c4 25.Nd4 R6e7 26.b3 Bb5 27.a4 Bc6 28.Bh4 h5 
29.bxc4 dxc4 30.Rxc4 Bxa4 31.Qf2 Bb5 32.Rc5 Ng6 33.Bxf6 gxf6 34.Nxb5 axb5 
35.Rxh5 b4 36.Be4 Rb8 37.Rd5 Qa7 38.Rd6 Rb6 39.Rd8+ Kg7 40.Red1 Rb8 41.
R8d6 b3 42.Kh1 b2 43.Rb1 Rc7 44.Qd2 Qa3 45.Kh2 Rc1 46.Qd4 Ne5 47.Bf5 Rb4 
48.Qd2 Nc4 49.Qf2 Qxe3 50.Qg3+ Qg5 51.Qxg5+ fxg5 52.Rd4 Kf6 53.Bd3 Ke5 54.
Re4+ Kd6 55.Rxc4 Rbxc4 56.Rxb2 Rd4 57.Be4 Rc5 58.g4 Ke5 59.Kg3 Ra5 60.Re2 
Ke6 61.Bb7+ Kf6 62.h4 gxh4+ 63.Kxh4 Ra1 64.Kg3 Rb4 65.Be4 Kg5 66.Rh2 Rg1+ 
67.Kf2 Rxg4 68.fxg4 Rxe4 69.Rh5+ Kxg4 70.Rh7 f5 1/2-1/2

[Event "38th Capablanca Memorial"]
[Site "Havana CUB"]
[Date "2003.05.13"]
[Round "7"]
[White "Vera Gonzalez, Reynaldo"]
[Black "Leitao, Rafael"]
[Result "1/2-1/2"]
[WhiteElo "2546"]
[BlackElo "2533"]
[EventDate "2003.05.06"]
[PlyCount "40"]

1.d4 d5 2.c4 c6 3.Nc3 Nf6 4.e3 a6 5.Nf3 b5 6.b3 Bg4 7.h3 Bxf3 8.gxf3 e6 9.
f4 Bb4 10.Bd2 Nbd7 11.c5 Bxc3 12.Bxc3 Ne4 13.Qc2 a5 14.Bd3 f5 15.O-O-O 
Nxc3 16.Qxc3 Qh4 17.Qe1 Nf6 18.Qg1 Kf7 19.f3 Rhg8 20.Qh2 Nh5 1/2-1/2

[Event "38th Capablanca Memorial"]
[Site "Havana CUB"]
[Date "2003.05.13"]
[Round "7"]
[White "Zapata Ramirez, Alonso"]
[Black "Nogueiras Santiago, Jesus"]
[Result "1/2-1/2"]
[WhiteElo "2543"]
[BlackElo "2532"]
[EventDate "2003.05.06"]
[PlyCount "81"]

1.e4 e6 2.d4 d5 3.Nd2 c5 4.exd5 Qxd5 5.Ngf3 cxd4 6.Bc4 Qd6 7.O-O Nf6 8.Nb3
Nc6 9.Qe2 a6 10.Rd1 b5 11.Bd3 Bb7 12.c3 Be7 13.a4 b4 14.cxd4 O-O 15.Bg5 
Qd5 16.Qc2 Na5 17.Nxa5 Qxa5 18.Bxf6 Bxf6 19.Bxh7+ Kh8 20.Be4 Rac8 21.Qe2 
Bxe4 22.Qxe4 Rfd8 23.Rd3 Kg8 24.Kf1 Rc2 25.b3 Qc7 26.Rad1 Rb2 27.Qe3 Rc8 
28.Ne5 Qc2 29.Qd2 Qxd2 30.R1xd2 Rxd2 31.Rxd2 Rc3 32.Rb2 g5 33.Ke2 Bxe5 34.
dxe5 Kg7 35.f3 Kg6 36.g4 a5 37.Kf2 Rd3 38.h3 Rc3 39.Rb1 Kg7 40.Rb2 Kg6 41.
Rb1 1/2-1/2

[Event "38th Capablanca Memorial"]
[Site "Havana CUB"]
[Date "2003.05.14"]
[Round "8"]
[White "Leitao, Rafael"]
[Black "Zapata Ramirez, Alonso"]
[Result "1-0"]
[WhiteElo "2533"]
[BlackElo "2543"]
[EventDate "2003.05.06"]
[PlyCount "101"]

1.e4 c5 2.Nf3 Nc6 3.d4 cxd4 4.Nxd4 Qc7 5.Nc3 e6 6.Be2 a6 7.O-O b5 8.Nxc6 
dxc6 9.a4 Bb7 10.Bd3 Nf6 11.Kh1 b4 12.Nb1 c5 13.Nd2 c4 14.Nxc4 Nxe4 15.Be3
Be7 16.Qg4 Nf6 17.Qg3 Qxg3 18.hxg3 h5 19.Kg1 h4 20.gxh4 Rxh4 21.f3 Nd7 22.
Rad1 Bc5 23.Kf2 Ke7 24.b3 Bxe3+ 25.Kxe3 Bd5 26.Rh1 Rxh1 27.Rxh1 Bxc4 28.
Bxc4 a5 29.Rh5 f5 30.g4 Kf6 31.gxf5 exf5 32.Bd3 Re8+ 33.Kd4 g6 34.Rh7 Ne5 
35.f4 Rd8+ 36.Ke3 Nf7 37.Bc4 Re8+ 38.Kf3 Re7 39.Rh1 g5 40.Bxf7 g4+ 41.Kf2 
Kxf7 42.Rh7+ Ke6 43.Rh6+ Kd5 44.Ra6 Rh7 45.Rxa5+ Ke4 46.Rb5 Kxf4 47.Rxb4+ 
Kg5 48.a5 Rh2+ 49.Kg1 g3 50.a6 f4 51.a7 1-0

[Event "38th Capablanca Memorial"]
[Site "Havana CUB"]
[Date "2003.05.15"]
[Round "9"]
[White "Gonzalez Menendez, Ivan"]
[Black "Leitao, Rafael"]
[Result "1-0"]
[WhiteElo "2473"]
[BlackElo "2533"]
[EventDate "2003.05.06"]
[PlyCount "83"]

1.e4 c6 2.d4 d5 3.e5 Bf5 4.Nf3 e6 5.Be2 Nd7 6.O-O Bg6 7.b3 Nh6 8.c4 Nf5 9.
Bb2 Bb4 10.Ne1 O-O 11.Nd3 Be7 12.Nd2 a5 13.Nf3 Bh5 14.c5 b6 15.Rc1 Qb8 16.
Qc2 Rc8 17.Rfe1 Qa7 18.Qc3 Rab8 19.Nh4 Bxh4 20.Bxh5 Be7 21.Bg4 Nh6 22.Bh3 
bxc5 23.dxc5 Rb5 24.Ba3 Nf8 25.Rc2 Rd8 26.Bc1 Nf5 27.Bd2 d4 28.Qc4 Rd5 29.
g3 Nd7 30.Bxf5 exf5 31.e6 Nxc5 32.exf7+ Kf8 33.Nf4 Qd7 34.Nxd5 Qxd5 35.
Qxd5 cxd5 36.Re5 d3 37.Rc1 Kxf7 38.Rxd5 Ke6 39.Rd4 Bf6 40.Re1+ Kf7 41.Rd5 
Nxb3 42.Rd7+ 1-0

[Event "38th Capablanca Memorial"]
[Site "Havana CUB"]
[Date "2003.05.15"]
[Round "9"]
[White "Vera Gonzalez, Reynaldo"]
[Black "Ikonnikov, Viacheslav"]
[Result "0-1"]
[WhiteElo "2546"]
[BlackElo "2546"]
[EventDate "2003.05.06"]
[PlyCount "126"]

1.d4 d5 2.c4 c6 3.Nc3 Nf6 4.e3 a6 5.Nf3 Bf5 6.Bd3 Bxd3 7.Qxd3 e6 8.O-O Be7
9.e4 dxe4 10.Nxe4 Nbd7 11.Bf4 Nxe4 12.Qxe4 O-O 13.Rfe1 Re8 14.Rad1 Qa5 15.
Qc2 Rac8 16.b3 b5 17.Re3 Nf8 18.Bg3 Red8 19.Qe2 Qb6 20.h4 Bf6 21.h5 h6 22.
Re4 Qb7 23.Rg4 bxc4 24.bxc4 c5 25.Qd2 Bxd4 26.Nxd4 Rxd4 27.Rxd4 cxd4 28.
Qxd4 Qc6 29.c5 Qxc5 30.Qxc5 Rxc5 31.Rd8 e5 32.f4 f6 33.fxe5 fxe5 34.Ra8 
Ra5 35.Bh4 Kf7 36.Ra7+ Kg8 37.Ra8 g5 38.Be1 Ra4 39.a3 Kf7 40.Bb4 Nd7 41.
Rh8 Nf6 42.Bf8 Rh4 43.Rxh6 Ng8 44.Rxa6 Kxf8 45.Re6 Kf7 46.Rxe5 Kf6 47.Re8 
Ne7 48.Rf8+ Kg7 49.Ra8 Rxh5 50.a4 Rh4 51.a5 Ra4 52.a6 Nc6 53.Kf2 Nb4 54.a7
Nc6 55.Rc8 Nxa7 56.Rc5 Kg6 57.Kg3 Rb4 58.Kf3 Rf4+ 59.Ke3 Rf6 60.Rd5 Nc6 
61.Ke4 Ne7 62.Rd2 Rf4+ 63.Ke5 Kf7 0-1

[Event "38th Capablanca Memorial"]
[Site "Havana CUB"]
[Date "2003.05.17"]
[Round "10"]
[White "Ikonnikov, Viacheslav"]
[Black "Zapata Ramirez, Alonso"]
[Result "1-0"]
[WhiteElo "2546"]
[BlackElo "2543"]
[EventDate "2003.05.06"]
[PlyCount "141"]

1.d4 Nf6 2.Nf3 g6 3.c4 Bg7 4.Nc3 d6 5.e4 O-O 6.Be2 Nbd7 7.O-O e5 8.Qc2 c6 
9.d5 a5 10.Rd1 Qe7 11.Rb1 Nc5 12.Be3 Ne8 13.Bxc5 dxc5 14.Na4 Ra6 15.Qd2 
Qd6 16.Qe3 b6 17.Rd2 Bd7 18.Rbd1 Qc7 19.d6 Qd8 20.h4 h6 21.g3 Ra8 22.Kg2 
Rb8 23.h5 g5 24.Nh2 Nf6 25.Bf3 Re8 26.Kg1 Rb7 27.Be2 Qb8 28.Bf3 Be6 29.Qe2
Qc8 30.Nf1 Qd7 31.Ne3 g4 32.Bg2 Nxh5 33.Nf5 Nf6 34.Ne7+ Kh7 35.Qd3 Ng8 36.
Nf5 Bf6 37.Qe2 Bg5 38.Ne3 Nf6 39.b3 Qd8 40.Rd3 Rg8 41.Qb2 Bxe3 42.Rxe3 Nd7
43.Nc3 Qg5 44.Red3 Nf8 45.a3 Bd7 46.b4 axb4 47.axb4 cxb4 48.Qxb4 Ne6 49.
Qa3 Rgb8 50.Rb1 Nd4 51.Rdd1 Qf6 52.c5 bxc5 53.Rxb7 Rxb7 54.Na4 Ra7 55.Bf1 
Qf3 56.Qa1 Ra5 57.Bc4 Kg7 58.Re1 Qf6 59.Rc1 Qxd6 60.Kg2 Qg6 61.Re1 Qf6 62.
Qa2 Be6 63.Re3 Qd8 64.Bxe6 Nxe6 65.Qc2 Qd4 66.Nb6 Rb5 67.Nc4 Rb4 68.Rc3 
Ng5 69.Nd2 h5 70.Kf1 Ne6 71.Nb3 1-0

[Event "38th Capablanca Memorial"]
[Site "Havana CUB"]
[Date "2003.05.18"]
[Round "11"]
[White "Gonzalez Menendez, Ivan"]
[Black "Ikonnikov, Viacheslav"]
[Result "0-1"]
[WhiteElo "2473"]
[BlackElo "2546"]
[EventDate "2003.05.06"]
[PlyCount "120"]

1.e4 c5 2.Nf3 Nc6 3.Bb5 g6 4.Bxc6 dxc6 5.d3 Bg7 6.h3 b6 7.Nc3 f6 8.O-O e5 
9.Nh2 Nh6 10.Be3 O-O 11.a3 Be6 12.Qe2 Qe7 13.Rfb1 Nf7 14.b4 cxb4 15.axb4 
Rad8 16.b5 c5 17.Ra4 f5 18.f3 f4 19.Bf2 Rd7 20.Nf1 g5 21.Rba1 Nd6 22.Rb1 
Nc8 23.Nd1 h5 24.Nh2 Bf6 25.c4 Qd8 26.Nc3 Rg7 27.Nd5 g4 28.fxg4 hxg4 29.
hxg4 Kf7 30.Rba1 Rfg8 31.Rxa7+ Nxa7 32.Rxa7+ Kf8 33.Qa2 Rxa7 34.Qxa7 Bxd5 
35.cxd5 Rg7 36.Qa2 Qb8 37.Qb2 Qa8 38.Nf3 Qa4 39.g5 Qd1+ 40.Kh2 Bxg5 41.
Qxe5 Rh7+ 42.Bh4 Bxh4 43.Qxf4+ Bf6+ 44.Kg3 Rf7 45.Qb8+ Kg7 46.e5 Be7 47.e6
Rxf3+ 48.gxf3 Qg1+ 49.Kh3 Qh1+ 50.Kg3 Qh4+ 51.Kg2 Qg5+ 52.Kf2 Qxd5 53.Qxb6
Qxd3 54.Qc7 Qd2+ 55.Kf1 Kf6 56.b6 Qd6 57.Kf2 Kxe6 58.Qc8+ Kd5 59.b7 Bh4+ 
60.Kg2 Qg3+ 0-1